000 00290nam a22001217a 4500
008 230620b xxu||||| |||| 00| 0 eng d
082 _a324.6
_bIEB
100 _cIIEC
245 _aInterim Independent Electoral Commission
260 _aKenya
_bIIEC
_c2011
300 _a139p
942 _2ddc
_cBK
999 _c1822
_d1822